<?xml version="1.0" encoding="UTF-8"?>
<record
    xmlns:xsi="http://www.w3.org/2001/XMLSchema-instance"
    xsi:schemaLocation="http://www.loc.gov/MARC21/slim http://www.loc.gov/standards/marcxml/schema/MARC21slim.xsd"
    xmlns="http://www.loc.gov/MARC21/slim">

  <leader>02317    a2200337   4500</leader>
  <controlfield tag="003">NALT</controlfield>
  <controlfield tag="005">20250128131104.0</controlfield>
  <controlfield tag="008">241007b        th ||||| |||| 00| 0 tha d</controlfield>
  <datafield tag="020" ind1=" " ind2=" ">
    <subfield code="a">9786168339190</subfield>
  </datafield>
  <datafield tag="040" ind1=" " ind2=" ">
    <subfield code="a">NALT</subfield>
  </datafield>
  <datafield tag="041" ind1="1" ind2=" ">
    <subfield code="a">tha</subfield>
    <subfield code="h">eng</subfield>
  </datafield>
  <datafield tag="050" ind1=" " ind2=" ">
    <subfield code="a">P 93.5</subfield>
    <subfield code="b">&#xE2E;461&#xE25; 2566</subfield>
  </datafield>
  <datafield tag="100" ind1="1" ind2=" ">
    <subfield code="a">&#xE2E;&#xE35;&#xE18;, &#xE0A;&#xE34;&#xE1B; </subfield>
    <subfield code="9">64898</subfield>
  </datafield>
  <datafield tag="245" ind1="1" ind2="0">
    <subfield code="a">&#xE40;&#xE25;&#xE48;&#xE32;&#xE40;&#xE25;&#xE02;&#xE43;&#xE2B;&#xE49;&#xE40;&#xE1B;&#xE47;&#xE19;&#xE40;&#xE23;&#xE37;&#xE48;&#xE2D;&#xE07; : &#xE28;&#xE32;&#xE2A;&#xE15;&#xE23;&#xE4C;&#xE41;&#xE25;&#xE30;&#xE28;&#xE34;&#xE25;&#xE1B;&#xE4C;&#xE41;&#xE2B;&#xE48;&#xE07;&#xE01;&#xE32;&#xE23;&#xE2A;&#xE37;&#xE48;&#xE2D;&#xE04;&#xE27;&#xE32;&#xE21;&#xE2B;&#xE21;&#xE32;&#xE22;&#xE14;&#xE49;&#xE27;&#xE22;&#xE15;&#xE31;&#xE27;&#xE40;&#xE25;&#xE02; =</subfield>
    <subfield code="b">Making numbers count : the art and science of communicating numbers count /</subfield>
    <subfield code="c">Chip Heath and Karla Starr, &#xE40;&#xE02;&#xE35;&#xE22;&#xE19; ; &#xE23;&#xE1E;&#xE35;&#xE1E;&#xE31;&#xE12;&#xE19;&#xE4C; &#xE2D;&#xE34;&#xE07;&#xE04;&#xE2A;&#xE34;&#xE17;&#xE18;&#xE34;&#xE4C;, &#xE41;&#xE1B;&#xE25;.</subfield>
  </datafield>
  <datafield tag="246" ind1="3" ind2="1">
    <subfield code="a">Making numbers count : </subfield>
    <subfield code="b">the art and science of communicating numbers count.</subfield>
  </datafield>
  <datafield tag="250" ind1=" " ind2=" ">
    <subfield code="a">&#xE1E;&#xE34;&#xE21;&#xE1E;&#xE4C;&#xE04;&#xE23;&#xE31;&#xE49;&#xE07;&#xE17;&#xE35;&#xE48; 1.</subfield>
  </datafield>
  <datafield tag="260" ind1=" " ind2=" ">
    <subfield code="a">&#xE01;&#xE23;&#xE38;&#xE07;&#xE40;&#xE17;&#xE1E;&#xE2F; : </subfield>
    <subfield code="b">&#xE1A;&#xE38;&#xE4A;&#xE04;&#xE2A;&#xE40;&#xE04;&#xE1B;, </subfield>
    <subfield code="c">2566.</subfield>
  </datafield>
  <datafield tag="300" ind1=" " ind2=" ">
    <subfield code="a">255 &#xE2B;&#xE19;&#xE49;&#xE32; : </subfield>
    <subfield code="b">&#xE15;&#xE32;&#xE23;&#xE32;&#xE07; ;</subfield>
    <subfield code="c">21 &#xE0B;&#xE21;.</subfield>
  </datafield>
  <datafield tag="505" ind1="2" ind2=" ">
    <subfield code="a">&#xE41;&#xE1B;&#xE25;&#xE17;&#xE38;&#xE01;&#xE2D;&#xE22;&#xE48;&#xE32;&#xE07;&#xE14;&#xE49;&#xE27;&#xE22;&#xE15;&#xE31;&#xE27;&#xE40;&#xE25;&#xE02;&#xE17;&#xE35;&#xE48;&#xE40;&#xE1B;&#xE47;&#xE19;&#xE21;&#xE34;&#xE15;&#xE23; -- &#xE1B;&#xE23;&#xE31;&#xE1A;&#xE15;&#xE31;&#xE27;&#xE40;&#xE25;&#xE02;&#xE43;&#xE2B;&#xE49;&#xE40;&#xE02;&#xE49;&#xE32;&#xE43;&#xE08;&#xE07;&#xE48;&#xE32;&#xE22;&#xE14;&#xE49;&#xE27;&#xE22;&#xE2D;&#xE31;&#xE15;&#xE23;&#xE32;&#xE2A;&#xE48;&#xE27;&#xE19;&#xE17;&#xE35;&#xE48;&#xE04;&#xE38;&#xE49;&#xE19;&#xE40;&#xE04;&#xE22;&#xE08;&#xE31;&#xE1A;&#xE15;&#xE49;&#xE2D;&#xE07;&#xE44;&#xE14;&#xE49; &#xE41;&#xE25;&#xE30;&#xE2D;&#xE22;&#xE39;&#xE48;&#xE43;&#xE19;&#xE2A;&#xE31;&#xE14;&#xE2A;&#xE48;&#xE27;&#xE19;&#xE21;&#xE19;&#xE38;&#xE29;&#xE22;&#xE4C; -- &#xE40;&#xE1B;&#xE25;&#xE35;&#xE48;&#xE22;&#xE19;&#xE27;&#xE34;&#xE18;&#xE35;&#xE04;&#xE34;&#xE14;&#xE41;&#xE25;&#xE30;&#xE17;&#xE33;&#xE02;&#xE2D;&#xE07;&#xE1C;&#xE39;&#xE49;&#xE1F;&#xE31;&#xE07;&#xE14;&#xE49;&#xE27;&#xE22;&#xE15;&#xE31;&#xE27;&#xE40;&#xE25;&#xE02;&#xE2A;&#xE30;&#xE40;&#xE17;&#xE37;&#xE2D;&#xE19;&#xE2D;&#xE32;&#xE23;&#xE21;&#xE13;&#xE4C;&#xE17;&#xE35;&#xE48;&#xE21;&#xE35;&#xE04;&#xE27;&#xE32;&#xE21;&#xE2B;&#xE21;&#xE32;&#xE22;&#xE41;&#xE25;&#xE30;&#xE04;&#xE32;&#xE14;&#xE44;&#xE21;&#xE48;&#xE16;&#xE36;&#xE07; -- &#xE2A;&#xE23;&#xE49;&#xE32;&#xE07;&#xE42;&#xE21;&#xE40;&#xE14;&#xE25;&#xE08;&#xE33;&#xE25;&#xE2D;&#xE07;.</subfield>
  </datafield>
  <datafield tag="650" ind1=" " ind2="4">
    <subfield code="a">&#xE01;&#xE32;&#xE23;&#xE27;&#xE34;&#xE40;&#xE04;&#xE23;&#xE32;&#xE30;&#xE2B;&#xE4C;&#xE41;&#xE1A;&#xE1A;&#xE08;&#xE34;&#xE19;&#xE15;&#xE20;&#xE32;&#xE1E; </subfield>
    <subfield code="9">64897</subfield>
  </datafield>
  <datafield tag="650" ind1=" " ind2="4">
    <subfield code="a">&#xE01;&#xE32;&#xE23;&#xE2A;&#xE23;&#xE49;&#xE32;&#xE07;&#xE21;&#xE42;&#xE19;&#xE20;&#xE32;&#xE1E;&#xE2A;&#xE32;&#xE23;&#xE2A;&#xE19;&#xE40;&#xE17;&#xE28;</subfield>
    <subfield code="9">36928</subfield>
  </datafield>
  <datafield tag="650" ind1=" " ind2="4">
    <subfield code="a">&#xE17;&#xE31;&#xE01;&#xE29;&#xE30;&#xE17;&#xE32;&#xE07;&#xE01;&#xE32;&#xE23;&#xE04;&#xE34;&#xE14;</subfield>
    <subfield code="9">7546</subfield>
  </datafield>
  <datafield tag="650" ind1=" " ind2="4">
    <subfield code="a">&#xE04;&#xE27;&#xE32;&#xE21;&#xE23;&#xE39;&#xE49;&#xE17;&#xE31;&#xE48;&#xE27;&#xE44;&#xE1B;</subfield>
    <subfield code="9">7244</subfield>
  </datafield>
  <datafield tag="700" ind1="1" ind2=" ">
    <subfield code="a">&#xE2A;&#xE15;&#xE32;&#xE23;&#xE4C;, &#xE04;&#xE32;&#xE23;&#xE4C;&#xE25;&#xE32;</subfield>
    <subfield code="9">64899</subfield>
  </datafield>
  <datafield tag="700" ind1="1" ind2=" ">
    <subfield code="a">Heath, Chip </subfield>
    <subfield code="9">64900</subfield>
  </datafield>
  <datafield tag="700" ind1="1" ind2=" ">
    <subfield code="a">Starr, Karla </subfield>
    <subfield code="9">64901</subfield>
  </datafield>
  <datafield tag="700" ind1="0" ind2=" ">
    <subfield code="a">&#xE23;&#xE1E;&#xE35;&#xE1E;&#xE31;&#xE12;&#xE19;&#xE4C; &#xE2D;&#xE34;&#xE07;&#xE04;&#xE2A;&#xE34;&#xE17;&#xE18;&#xE34;&#xE4C;</subfield>
    <subfield code="9">64902</subfield>
  </datafield>
  <datafield tag="942" ind1=" " ind2=" ">
    <subfield code="c">GB</subfield>
    <subfield code="2">lcc</subfield>
  </datafield>
  <datafield tag="996" ind1=" " ind2=" ">
    <subfield code="a">saiphon.d</subfield>
    <subfield code="b">CATSTF	</subfield>
    <subfield code="c">2024-10-07</subfield>
  </datafield>
  <datafield tag="999" ind1=" " ind2=" ">
    <subfield code="c">105926</subfield>
    <subfield code="d">105926</subfield>
  </datafield>
  <datafield tag="998" ind1=" " ind2=" ">
    <subfield code="j">111</subfield>
    <subfield code="k"> &#xE19;&#xE32;&#xE07;&#xE2A;&#xE32;&#xE27;&#xE1E;&#xE08;&#xE1E;&#xE34;&#xE13;  &#xE1E;&#xE23;&#xE21;&#xE40;&#xE2D;&#xE35;&#xE48;&#xE22;&#xE21;</subfield>
  </datafield>
  <datafield tag="952" ind1=" " ind2=" ">
    <subfield code="0">0</subfield>
    <subfield code="1">0</subfield>
    <subfield code="2">lcc</subfield>
    <subfield code="4">0</subfield>
    <subfield code="7">0</subfield>
    <subfield code="8">CGBL</subfield>
    <subfield code="a">NALT</subfield>
    <subfield code="b">NALT</subfield>
    <subfield code="c">GEN</subfield>
    <subfield code="d">2024-09-28</subfield>
    <subfield code="e">194</subfield>
    <subfield code="l">1</subfield>
    <subfield code="o">P 93.5 &#xE2E;461&#xE25; 2566</subfield>
    <subfield code="p">3961214433</subfield>
    <subfield code="r">2025-01-30 00:00:00</subfield>
    <subfield code="s">2025-01-28</subfield>
    <subfield code="w">2024-09-28</subfield>
    <subfield code="y">GB</subfield>
  </datafield>
</record>
